Statistiques concernant Culture Pop par lettre - P

Cliquez ici pour prendre le quiz!

Statistiques générales

  • Ce quiz a été pris 1 293 fois
  • Le résultat moyen est 11 sur 15

Statistiques - réponses

CatégorieIndiceRéponse% Correct
CompagnieSociété de production, rachetée par Disney en 2006, a qui l'on doit "Cars", "Là-Haut", "Monstres et Cie." et "Coco"Pixar Animation Studio
96%
Jeu Vidéo / Dessin AniméSalamèche, Carapuce ou encore Bulbizarre en sont... Pokémon
96%
Jeu VidéoIl est rond, il est jaune et il peut manger des fantômesPac Man
95%
ApplicationLe logiciel le plus connu pour retoucher ses photosPhotoshop
95%
ComicsL’identité secrète de Spider-Man (prénom et nom)Peter Parker
93%
SériePour faire évader son frère du lieu où il est incarcéré, Michael Scofield se fait faire un tatouage un peu particulier...Prison Break
92%
Livre / FilmUne des quatre maisons de Poudlard, au blason jaune et noirPoufsouffle
89%
Personnage célèbreMarin bourru mangeur d'épinard que l'on peut retrouver en bande dessinée et en dessin animéPopeye
86%
Personnage célèbreCélèbre détective belge d'Agatha ChristieHercule Poirot
79%
SérieSérie britannique dont l'intrigue se déroule à Birmingham et suit l'histoire de la famille ShelbyPeaky Blinders
78%
SérieQuand les messages de "A" menacent de révéler tous leurs secret, les 4 ex-meilleures amies Hanna, Aria, Spencer et Emily commencent à se poser des questionsPretty Little Liars
58%
Dessin AniméSérie télévisée d'animation dans laquelle on suit les histoires d'une famille vivant à la préhistoire ayant accès à une technologie des années 1960sLes Pierrafeu
48%
Dessin AniméLe personnage principal et le dessin porte le même nom : un animal + couleurLa Panthère Rose
45%
FilmOn y suit les aventures des Bellas de Barden, groupe de chant universitairePitch Perfect
39%
FilmMagicien rivaux, Robert Angier et Alfred Borden se disputent les secrets d'un tourLe Prestige
30%

Distribution des résultats

Percentile par nombre de réponses

% des personnes avec chaque résultat

Votre développement - résultats

Vous n’avez pas pris ce quiz